000 00432nam a2200157Ia 4500
008 240729s9999 xx 000 0 und d
022 _a2515-2947
245 0 _aIET Smart Grid
260 _aUnited Kingdom
260 _bWiley
650 _a Electrical engineering. Electronics. Nuclear engineering
650 _aTechnology
856 _uhttps://doaj.org/toc/29fbafe150d8454882056e1762b819ca
942 _2ddc
942 _cDOAJEJ
999 _c72563
_d72563
945 _a1
_bMadushi Gamage
_c1
_dMadushi Gamage